000 00744nam a22002297a 4500
005 20170124110233.0
010 _aB-058713
020 _c00.00
_a8173914249
035 _aB-058713
037 _bCen Lib/Ret
040 _aDPL
_bEN
082 _a883.08
_bMYL
100 _aMyles, Anita
_941757
245 _aTwentieth century english novelists :
_cby Anita Myles
_bthe trend setters /
260 _aNew Delhi
_bKanishka publishers
_c2001
270 _bNew Delhi
_a4697/5-21, A, Anasri road, Daryaganj
_e110002
300 _avi,182p.
_c22cm(Hb)
500 _aIncludes bibliographical references and index
650 _aLiterature
_96262
650 _aNovelists
_y20th century
_941758
942 _2ddc
_cEN
_h883.08
_mMYS
999 _c134784
_d134784